| 000 | 00629nam a2200205Ia 4500 | ||
|---|---|---|---|
| 003 | GCL | ||
| 008 | 140319s9999 xx 000 0 eng d | ||
| 020 | _a5020223867 | ||
| 040 |
_aGCL / _cGCL |
||
| 082 | 0 | 4 |
_a327.47073 _bU S |
| 245 | 1 | 0 | _aSOVIET - AMERICAN RELATIONS : PAST AND PRESENT |
| 260 |
_aروسيا : _bNAUKA PUBLISHING ، _c1988 |
||
| 300 |
_a18 CM ؛ _c197 P |
||
| 650 | 0 | 4 | _aINTERNATIONAL RELATIONS |
| 650 | 0 | 4 | _aFOREIGN RELATIONS |
| 650 | 0 | 4 | _aUNITED STATES - FOREIGN RELATIONS |
| 650 | 0 | 4 | _aSOVIET UNION - FOREIGN RELATIONS |
| 650 | 0 | 4 | _aSOVIET UNION - FOREIGN RELATIONS - DEVELOPING COUNTRIES |
| 942 |
_2ddc _cBK |
||
| 999 |
_c306 _d306 |
||